| 000 | 00421nam a2200157Ia 4500 | ||
|---|---|---|---|
| 008 | 230711s9999||||xx |||||||||||||| ||und|| | ||
| 041 | _aENG | ||
| 082 |
_a5 _bJA-F |
||
| 100 | _aJains,R.K | ||
| 245 | 0 | _aFortran 77 with applications to science and engineering | |
| 250 | _a1st Ed. | ||
| 260 |
_c1989 _aNew Delhi _bTata McGraw Hill Education Limited |
||
| 650 | _aComputer Engineering | ||
| 700 | _aSuri,R.P | ||
| 942 | _cBK | ||
| 999 |
_c2275 _d2275 |
||